[Event "NED-ch U14 op"]
[Site "Borne"]
[Date "2013.08.10"]
[Round "9"]
[White "De Boer, Sipke"]
[Black "Linssen, Martijn"]
[Result "0-1"]
[WhiteElo "955"]
[BlackElo "659"]
[PlyCount "122"]
[EventDate "2013.08.05"]
[EventType "swiss"]
[EventRounds "9"]
[EventCountry "NED"]
[SourceTitle "EXT 2015"]
[Source "ChessBase"]
[SourceDate "2014.11.20"]
[SourceVersion "1"]
[SourceVersionDate "2014.11.20"]
[SourceQuality "1"]

1. d4 d5 2. c4 c6 3. Nc3 Nf6 4. Bg5 e6 5. cxd5 cxd5 6. Bxf6 Qxf6 7. e4 Bb4 8. e5 Bxc3+ 9. bxc3 Qe7 10. Nf3 Qa3 11. Qb3 Qxb3 12. axb3 Nc6 13. Bb5 Bd7 14. Bxc6 Bxc6 15. Ra3 0-0 16. Kd2 Rfc8 17. Rha1 a6 18. Ne1 Bb5 19. Nd3 b6 20. b4 Rc7 21. Nb2 Rca7 22. Na4 Rb8 23. f4 a5 24. g4 axb4 25. cxb4 Rba8 26. Kc3 Rxa4 27. Rxa4 Rxa4 28. Rxa4 Bxa4 29. f5 Bd7 30. fxe6 Bxe6 31. g5 h6 32. h4 hxg5 33. hxg5 Kh7 34. Kd3 Kg6 35. Ke3 Kxg5 36. Kf3 Kf5 37. Ke3 g5 38. Kf3 g4+ 39. Kg3 Ke4 40. Kf2 Kxd4 41. Ke2 Kxe5 42. Ke3 f5 43. b5 f4+ 44. Kf2 Ke4 45. Ke2 d4 46. Kf2 d3 47. Ke1 g3 48. Kf1 Bh3+ 49. Ke1 Ke3 50. Kd1 g2 51. Kc1 g1Q+ 52. Kb2 f3 53. Kc3 f2 54. Kc4 f1Q 55. Kd5 d2 56. Kc6 d1Q 57. Kxb6 Kd3+ 58. Ka6 Qf6+ 59. Ka5 Qfb6+ 60. Kb4 Qgd4+ 61. Ka3 Qa5# 0-1

[Event "NED-ch U14 op"]
[Site "Borne"]
[Date "2013.08.09"]
[Round "7"]
[White "Berghuis, Thomas"]
[Black "Linssen, Martijn"]
[Result "1/2-1/2"]
[WhiteElo "809"]
[BlackElo "659"]
[PlyCount "32"]
[EventDate "2013.08.05"]
[EventType "swiss"]
[EventRounds "9"]
[EventCountry "NED"]
[SourceTitle "EXT 2015"]
[Source "ChessBase"]
[SourceDate "2014.11.20"]
[SourceVersion "1"]
[SourceVersionDate "2014.11.20"]
[SourceQuality "1"]

1. f4 c5 2. Nf3 Nc6 3. Nc3 e6 4. e4 b6 5. g3 g6 6. Bg2 Bg7 7. 0-0 Bb7 8. Nb5 d6 9. d4 Ba6 10. a4 Bxb5 11. axb5 Bxd4+ 12. Nxd4 Nxd4 13. c4 e5 14. Be3 Ne7 15. Bxd4 cxd4 16. f5 0-0 1/2-1/2

[Event "NED-ch U14 op"]
[Site "Borne"]
[Date "2013.08.07"]
[Round "4"]
[White "Linssen, Martijn"]
[Black "Van der Hoeven, Carsten"]
[Result "0-1"]
[WhiteElo "659"]
[BlackElo "1257"]
[PlyCount "98"]
[EventDate "2013.08.05"]
[EventType "swiss"]
[EventRounds "9"]
[EventCountry "NED"]
[SourceTitle "EXT 2015"]
[Source "ChessBase"]
[SourceDate "2014.11.20"]
[SourceVersion "1"]
[SourceVersionDate "2014.11.20"]
[SourceQuality "1"]

1. e4 d6 2. d4 Nf6 3. f3 g6 4. c3 Bg7 5. Be3 0-0 6. Nd2 b6 7. Bd3 Bb7 8. b4 Nbd7 9. Nb3 e6 10. Ne2 Qe7 11. a3 Rfc8 12. Rc1 c5 13. Nd2 Rc7 14. 0-0 Rac8 15. Qb3 a6 16. a4 d5 17. Qb2 e5 18. b5 axb5 19. axb5 exd4 20. cxd4 dxe4 21. fxe4 Bxe4 22. Bxe4 Nxe4 23. Bf4 Nd6 24. Nc4 Nxc4 25. Rxc4 Ra7 26. Qd2 Ra5 27. Rb1 Qe4 28. Rd1 Rxb5 29. Nc3 Qe6 30. Nxb5 Qxc4 31. Nd6 Bxd4+ 32. Kh1 Qa6 33. Nxc8 Qxc8 34. Be3 Bxe3 35. Qxe3 Nf6 36. Qf4 Qe6 37. h3 c4 38. Rd6 Qe1+ 39. Kh2 Nh5 40. Qxc4 Qe5+ 41. Kg1 Qxd6 42. Qc8+ Kg7 43. Qa6 Qc5+ 44. Kh2 b5 45. Qa1+ Nf6 46. Qb2 b4 47. g4 Qc3 48. Qf2 b3 49. g5 Ng4+ 0-1